000 00766nam a2200229Ia 4500
003 OSt
005 20220923220612.0
006 a|||||r|||| 00| 0
007 ta
008 220922b |||||||| |||| 00| 0 hin d
024 _a187,880
037 _cTextual
040 _aARTS
_cARTS
_bhin
041 _2hin
_ahin
082 _aV231:21wK27, 155J8
100 _aसरदेसाई, गोविन्द सखाराम
245 0 _aराजा शिवाजी, अनु राजबहादुर सिंह
246 _aRājā shivājī, anu0 rājabahādur sianha
260 _c1958
942 _hV231:21wK27, 155J8
_cTEXL
_2CC
999 _c340956
_d340956